Country by City #1 - Statistics

General Stats
  • This quiz has been taken 13 times
  • The average score is 7 of 16
Answer Stats
Picture Answer % Correct
Thailand - Chiang Mai
89%
Germany - Leipzig
78%
Canada - Calgary
67%
Finland - Turku
67%
New Zealand - Christchurch
67%
India - Mumbai
56%
Morocco - Tangier
56%
Brazil - Manaus
44%
Croatia - Split
44%
Peru - Cusco
33%
Kazakhstan - Nur-Sultan
22%
The Bahamas - Nassau
22%
Angola - Luanda
11%
Bolivia - Sucre
11%
Papua New Guinea - Port Moresby
11%
Botswana - Gaborone
0%
No matching quizzes found
Score Distribution
Percent of People with Each Score
Percentile by Number Answered
Your Score History
You have not taken this quiz